LEADER 00999nam 2200289Ia 450 001 996384278503316 005 20221108005043.0 035 $a(CKB)1000000000593015 035 $a(EEBO)2240881273 035 $a(OCoLC)43663236 035 $a(EXLCZ)991000000000593015 100 $a20000319d1670 uy 0 101 0 $aeng 135 $aurbn||||a|bb| 200 12$aA poetical meditation$b[electronic resource] $ewherein the usefulness, excellency, and several perfections of Holy Scripture are briefly hinted 210 $aLondon, $cPrinted for N. Ranew, and J. Robinson, at the Angel in Jewn-Street$d1670 215 $a8 p 300 $aSigned on p. 8: John Clark. 300 $aReproduction of original in: Llyfrgell Genedlaethol Cymru/National Library of Wales, Aberystwyth, Wales. 330 $aeebo-0098 700 $aClark$b John$0103722 801 0$bEAE 801 1$bEAE 906 $aBOOK 912 $a996384278503316 996 $aA poetical meditation$92404351 997 $aUNISA LEADER 01940nam 2200469I 450 001 9910703660503321 005 20150403093922.0 035 $a(CKB)5470000002433105 035 $a(OCoLC)906162619 035 $a(EXLCZ)995470000002433105 100 $a20150403j201515 ua 0 101 0 $aeng 135 $aurmn||||a|||| 181 $2rdacontent 182 $2rdamedia 183 $2rdacarrier 200 10$aTechnical basis for regulatory guidance on the alternate pressurized thermal schock rule $edraft report for comment /$fprepared by Gary L. Stevens, Mark T. Kirk, and Mohammad Modarres 210 1$aWashington, DC :$cU.S. Nuclear Regulatory Commission, Office of Nuclear Reactor Regulation,$dJanuary 2015. 215 $a1 online resource (181 unnumbered pages) $ccolor illustrations 300 $a"NUREG-2163." 300 $a"Manuscript completed: November 2014 ; Date published: February 2015." 300 $aTitle from title screen (viewed on Mar. 27, 2015). 320 $aIncludes bibliographical references (pages 71-73). 517 $aTechnical basis for regulatory guidance on the alternate pressurized thermal schock rule 606 $aNuclear pressure vessels$xStandards 606 $aPressurized water reactors$xStandards 606 $aFracture mechanics 606 $aThermal stresses 615 0$aNuclear pressure vessels$xStandards. 615 0$aPressurized water reactors$xStandards. 615 0$aFracture mechanics. 615 0$aThermal stresses. 700 $aStevens$b Gary L.$01412972 701 $aKirk$b Mark T$01417072 701 $aModarres$b M$g(Mohammad)$028311 712 02$aU.S. Nuclear Regulatory Commission.$bOffice of Nuclear Reactor Regulation, 801 0$bGPO 801 1$bGPO 906 $aBOOK 912 $a9910703660503321 996 $aTechnical basis for regulatory guidance on the alternate pressurized thermal schock rule$93524301 997 $aUNINA